Javaslat balanced scorecard alkalmazására az önkormányzati vagyongazdálkodásban különös tekintettel a felújításokra

After the political changeover in Hungary, local governments acquired large wealth in order to fulfill their public tasks. Moreover, National Wealth considers local governments' asset management, conservation and increase as a priority. Regrettably, local governments have failed to provide the...

Teljes leírás

Elmentve itt :
Bibliográfiai részletek
Szerzők: Hegedűs Szilárd
Gácsi Roland
Zéman Zoltán
Dokumentumtípus: Cikk
Megjelent: Egyesület Közép-Európa Kutatására Szeged 2014
Sorozat:Taylor : gazdálkodás- és szervezéstudományi folyóirat 6 No. 1-2
Kulcsszavak:Vagyongazdálkodás - önkormányzati, Közigazgatás
Tárgyszavak:
Online Access:http://acta.bibl.u-szeged.hu/34596
LEADER 01707nab a2200253 i 4500
001 acta34596
005 20260113102105.0
008 161017s2014 hu o 000 hun d
022 |a 2062-1396 
040 |a SZTE Egyetemi Kiadványok Repozitórium  |b hun 
041 |a hun 
041 |a eng 
100 1 |a Hegedűs Szilárd 
245 1 0 |a Javaslat balanced scorecard alkalmazására az önkormányzati vagyongazdálkodásban különös tekintettel a felújításokra  |h [elektronikus dokumentum] /  |c  Hegedűs Szilárd 
260 |a Egyesület Közép-Európa Kutatására  |b Szeged  |c 2014 
300 |a 89-98 
490 0 |a Taylor : gazdálkodás- és szervezéstudományi folyóirat  |v 6 No. 1-2 
520 3 |a After the political changeover in Hungary, local governments acquired large wealth in order to fulfill their public tasks. Moreover, National Wealth considers local governments' asset management, conservation and increase as a priority. Regrettably, local governments have failed to provide the necessary resources for the renewal of assets and investments dominate in their development policy instead of the maintanace of the assets. This study shows the main characteristics of municipal asset management and suggests Balanced Scorecard as a potential success tool for local governments in asset management with special attention to asset preservation, especially renovation projects. 
650 4 |a Társadalomtudományok 
650 4 |a Közgazdasági és gazdálkodástudományok 
695 |a Vagyongazdálkodás - önkormányzati, Közigazgatás 
700 0 1 |a Gácsi Roland  |e aut 
700 0 1 |a Zéman Zoltán  |e aut 
856 4 0 |u http://acta.bibl.u-szeged.hu/34596/1/vikek_014_015_089-098.pdf  |z Dokumentum-elérés